Quiz sulla Colombia - Statistics

Statistiche generali
  • Questo quiz è stato fatto 858 volte
  • Il punteggio medio è 15 su 21
Statistiche sulle risposte
Hint Risposta % Corretto
Lingua ufficiale Spagnolo
98%
Ecuador
96%
Capitale Bogotà
95%
Paesi confinanti Brasile
95%
Venezuela
95%
Perù
93%
Cantante pop colombiana di "Waka waka" Shakira
89%
Nome e cognome del navigatore da cui la Colombia prese il nome Cristoforo Colombo
87%
Moneta {Peso} colombiano
87%
Panama
85%
Famoso trafficante di droga proveniente da questa città che aveva una taglia di 30 miliardi di dollari Pablo Escobar
84%
La Colombia è attraversata da questa linea Equatore
79%
A nord-est la Colombia è bagnata da questo mare Mar dei Caraibi
72%
Seconda città più popolosa Medellin
65%
Con 324 cm la Colombia è quella che, all'anno, ne ha di più al mondo Pioggia
60%
Premio Nobel della letteratura autore di "Cent'anni di solitudine" Gabriel Garcia Marquez
46%
Vecchia nazione che comprendeva la colombia e i suoi confinanti {Grande} Colombia
42%
Pittore colombiano famoso per le sue figure "oversize" Fernando Botero
37%
Primo presidente del paese conosciuto come "el Libertador" Simon Bolivar
37%
Terza città più grande Santiago de {Calì}
36%
Organizzazione guerrigliera comunista con il quale nel 2016 è stato firmato un accordo di pace FARC
26%
Nessun quiz corrispondente trovato
Distribuzione punteggi
Percentuale di utenti per punteggio
Percentile per numero di risposta
I tuoi punteggi nel tempo
Non hai fatto questo quiz